PARK'S TB. OF PREVENTIVE & SOCIAL MEDICINE (Record no. 34982)

MARC details
000 -LEADER
fixed length control field 00389nam a22001697a 4500
003 - CONTROL NUMBER IDENTIFIER
control field SGT
020 ## - INTERNATIONAL STANDARD BOOK NUMBER
International Standard Book Number 9789382219262
082 ## - DEWEY DECIMAL CLASSIFICATION NUMBER
Classification number 614.44
Item number P25P
100 ## - MAIN ENTRY--PERSONAL NAME
Personal name PARK, K.
245 ## - TITLE STATEMENT
Title PARK'S TB. OF PREVENTIVE & SOCIAL MEDICINE
250 ## - EDITION STATEMENT
Edition statement 28TH
260 ## - PUBLICATION, DISTRIBUTION, ETC. (IMPRINT)
Place of publication, distribution, etc INDIA
Name of publisher, distributor, etc BHANOT PUB
Year of Publication 2025
300 ## - PAGE DESCRIPTION
No. of Pages 1060
650 ## - SUBJECT ADDED ENTRY--TOPICAL TERM
Topical term or geographic name as entry element COMMUNITY MEDICINE
942 ## - ADDED ENTRY ELEMENTS (KOHA)
Source of classification or shelving scheme Dewey Decimal Classification
Koha item type Books
Holdings
Withdrawn status Lost status Source of classification or shelving scheme Damaged status Not for loan Collection code Home library Current library Shelving location Date acquired Vendor Name Cost, normal purchase price SGTU Bill Number Total Checkouts Full call number Accession No. (Barcode) Date last seen Bill Date Koha item type
    Dewey Decimal Classification   Not For Loan MEDICAL SGT Medical Library SGT Medical Library Reference Book 01/06/2026 ABC DELHI 1800.00 SGTU 23076   614.44 P25P FM16326 29/06/2026 01/06/2026 Books
    Dewey Decimal Classification     MEDICAL SGT Medical Library SGT Medical Library Text Book 01/06/2026 ABC DELHI 1800.00 SGTU 23076   614.44 P25P FM16327 29/06/2026 01/06/2026 Books
    Dewey Decimal Classification     MEDICAL SGT Medical Library SGT Medical Library Text Book 01/06/2026 ABC DELHI 1800.00 SGTU 23076   614.44 P25P FM16328 29/06/2026 01/06/2026 Books
    Dewey Decimal Classification     MEDICAL SGT Medical Library SGT Medical Library Text Book 01/06/2026 ABC DELHI 1800.00 SGTU 23076   614.44 P25P FM16329 29/06/2026 01/06/2026 Books
    Dewey Decimal Classification     MEDICAL SGT Medical Library SGT Medical Library Text Book 01/06/2026 ABC DELHI 1800.00 SGTU 23076   614.44 P25P FM16330 29/06/2026 01/06/2026 Books